000 00790nam a2200205Ia 4500
999 _c36459
_d36459
001 2374
003 GE_BSU
005 20190530192838.0
008 181216s2011||||ge |||||||||||||| ||geo||
020 _a9789941172786
040 _cGE_BSU
041 _ageo
080 _a94(479.223) ო–87
100 _aოქროპირიძე, უჩა
_91875
245 _aაჭარის ავტონომიის შექმნა :
_bმონოგრაფია /
_cუჩა ოქროპირიძე ; რედ. ავთანდილ სონღულაშვილი.
264 _aთბილისი :
_bუნივერსალი,
_c2011.
300 _a244 გვ. ;
_b20 სმ.
653 _aაჭარის ისტორია
942 _cBK
_2udc